000 00394cam a2200181 4500
001 D12785
008 090401t1968 xxu||||| |||| 00| 0 eng d
035 _a(Sirsi) u5748
041 _aeng
100 _aGabet, Jean
245 _aTriangulation cadastrale
250 _a3rd
260 _bEditions Eyelles
_c1968
350 _a0
520 _aShelf 181
942 _n0
948 _c04/03/1997
999 _c86208
_d86208